A treatise of marriage and divorce : with the practice and procedure in divorce and matrimonial causes : the acts, rules and regulations, forms of pleadings, and table of fees /
Saved in:
| Main Author: | |
|---|---|
| Format: | Book |
| Language: | English |
| Published: |
London :
W. Ridgway,
1879.
|
| Series: | 19th-century legal treatises ;
no. 18990-18994. Making of modern law |
| Subjects: | |
| Tags: |
Add Tag
No Tags, Be the first to tag this record!
|
| LEADER | 00971cam a2200265Ia 4500 | ||
|---|---|---|---|
| 001 | 001663706-2 | ||
| 005 | 20060522171833.0 | ||
| 008 | 870911s1879 ctu b 00110 eng d | ||
| 035 | 0 | |a ocm19445514 | |
| 035 | 0 | |a ocm16671977 | |
| 040 | |a NLU |c NLU | ||
| 043 | |a e-uk--- | ||
| 090 | |a K46 |b .N5 18990- 18994 | ||
| 100 | 2 | |a Ernst Browning, William, |d 1830- | |
| 245 | 1 | 2 | |a A treatise of marriage and divorce : |b with the practice and procedure in divorce and matrimonial causes : the acts, rules and regulations, forms of pleadings, and table of fees / |c by W. Ernst. |
| 260 | 0 | |a London : |b W. Ridgway, |c 1879. | |
| 300 | |a xxiv, 386 p. ; |c 22 cm. | ||
| 504 | |a Includes bibliographical references and index. | ||
| 650 | 0 | |a Marriage law |z Great Britain. | |
| 650 | 0 | |a Divorce |x Law and legislation |z Great Britain. | |
| 787 | 1 | |w (DLC)18-245 | |
| 830 | 0 | |a 19th-century legal treatises ; |v no. 18990-18994. |5 law | |
| 830 | 0 | |a Making of modern law |5 net | |
| 988 | |a 20020608 | ||
| 906 | |0 OCLC | ||


